• 首页
  • 本馆介绍
  • 公告通知
  • 最新文献
  • 馆藏检索
  • 电子资源
  • 读者导购
  • 参考咨询
  • 我的图书馆
  • 登录
  • 详细信息显示
  • 放入我的书架
  • 预约/预借图书
  • 作者相关作品
  • 分类相关作品
  • 丛书相关作品
  • 出版社相关作品

书目信息

  • 表格格式
  • 工作单格式
  • 卡片格式
题名:
中国喜剧观念的现代生成
    
 
作者: 张健 著
分册:  
出版信息: 北京   北京大学出版社  2005
页数: 246页
开本: 23cm
丛书名: 文艺学与文化研究丛书
单 册:
中图分类: I207.3
科图分类:
主题词: 喜剧--文学研究--中国--当代 , 喜剧 , 文学研究
电子资源:
ISBN: 7-301-09826-X
000 01124oam2 2200289 450
001 012007983581
005 20070523083508.10
010    @a7-301-09826-X@dCNY23.00
100    @a20070516d2005 km y0chiy0120 ea
101 0  @achi
102    @aCN@b110000
105    @ay z 000yy
106    @ar
200 1  @a中国喜剧观念的现代生成@Azhong guo xi ju guan nian de xian dai sheng cheng@f张健著@Fzhang jian zhu
210    @a北京@c北京大学出版社@d2005
215    @a246页@d23cm
225 2  @a文艺学与文化研究丛书@i中国文学理论现代形态的生成系列
300    @a教育部人文社会科学重点研究基地基金资助
330    @a本书以主观论喜剧观和客观论喜剧观两种视角作为基本框架,对中国现代喜剧观念的历史演进做了考察;对以王国维、朱光潜、林语堂等人为代表的主观论喜剧思想及以鲁迅、蔡仪、张骏祥等人为代表的客观论喜剧思想进行了论析;就中国现代喜剧观念的总体特征进行了论析、概括和阐释。
461  0 @12001 @a文艺学与文化研究丛书
606 0  @a喜剧@x文学研究@y中国@z当代
606 0  @a喜剧
606 0  @a文学研究
690    @aI207.3@v4
701  0 @a张健@Azhang jian@f(1949~)@4著
801  0 @aCN@bRULIN@c20070523
905    @dI207.3@e107@s8
    
    中国喜剧观念的现代生成/张健著.-北京:北京大学出版社,2005
    246页;23cm.-(文艺学与文化研究丛书.中国文学理论现代形态的生成系列)
    教育部人文社会科学重点研究基地基金资助
    
    ISBN 7-301-09826-X:CNY23.00
    本书以主观论喜剧观和客观论喜剧观两种视角作为基本框架,对中国现代喜剧观念的历史演进做了考察;对以王国维、朱光潜、林语堂等人为代表的主观论喜剧思想及以鲁迅、蔡仪、张骏祥等人为代表的客观论喜剧思想进行了论析;就中国现代喜剧观念的总体特征进行了论析、概括和阐释。
●
相关链接 在E读中查询图书 在五车中查询图书 在当当中查询图书 在豆瓣中查询图书


正题名:中国喜剧观念的现代生成     索取号:I207.3/107         预约/预借

序号 登录号 条形码 馆藏地/架位号 状态 备注
1 0576542   205765420   第一样本阅览室/ [索取号:I207.3/107] 在馆    
2 0576543   205765439   第二借阅区/ [索取号:I207.3/107] 在馆    
3 0576544   205765448   第二借阅区/ [索取号:I207.3/107] 在馆    
4 0576545   205765457   第二借阅区/ [索取号:I207.3/107] 在馆    
5 0576546   205765466   第二借阅区/ [索取号:I207.3/107] 在馆    
6 0576547   205765475   第二借阅区/ [索取号:I207.3/107] 在馆    
7 0576548   205765484   第二借阅区/ [索取号:I207.3/107] 在馆    
8 0576549   205765493   第二借阅区/ [索取号:I207.3/107] 在馆    
唐山师范学院图书馆 欢迎您!
大连网信软件有限公司© 版权所有